000 00590nam a2200181Ia 4500
003 GCL
008 140319s9999 xx 000 0 ara d
040 _aGCL /
_cGCL
082 0 4 _a250
_bح ك
100 1 _aالحافظ الذهبى 748 هـ
245 1 0 _aكتاب الكبائر طبعة جديدة مشروحة ومحققة /
_cالحافظ الذهبى 748 هـ
260 _a[S.N] :
_bلجنة الاعلام والدراسات المستقبلية
300 _a224 ص
490 _a
650 0 4 _aالاسلام
650 0 4 _aالشريعة الاسلامية
942 _2ddc
_cBK
999 _c30307
_d30307